| 000 | 01244nam a2200313Ia 4500 | ||
|---|---|---|---|
| 001 | ebr10365024 | ||
| 003 | CaPaEBR | ||
| 006 | m u | ||
| 007 | cr cn||||||||| | ||
| 008 | 100331s2009 sa s 000 0 eng d | ||
| 020 | _z9781920409104 (pbk.) | ||
| 020 | _z1920409106 (pbk.) | ||
| 040 |
_aCaPaEBR _cCaPaEBR |
||
| 035 | _a(OCoLC)645692169 | ||
| 050 | 1 | 4 |
_aJS7533.A2 _bC585 2009eb |
| 245 | 0 | 0 |
_aCivil society and the Zuma government _h[electronic resource] : _bopportunities for engagement / _cedited by Yvette Geyer and Ivor Jenkins. |
| 260 |
_a[Cape Town, South Africa] : _bIdasa, _c2009. |
||
| 300 | _a39 p. | ||
| 533 |
_aElectronic reproduction. _bPalo Alto, Calif. : _cebrary, _d2010. _nAvailable via World Wide Web. _nAccess may be limited to ebrary affiliated libraries. |
||
| 600 | 1 | 0 | _aZuma, Jacob. |
| 650 | 0 |
_aCivil society _zSouth Africa. |
|
| 650 | 0 |
_aParticipatory democracy _zSouth Africa. |
|
| 655 | 7 |
_aElectronic books. _2local |
|
| 700 | 1 | _aGeyer, Yvette. | |
| 700 | 1 | _aJenkins, Ivor. | |
| 710 | 2 | _aInstitute for Democracy in Africa [IDASA]. | |
| 710 | 2 | _aebrary, Inc. | |
| 856 | 4 | 0 |
_uhttp://site.ebrary.com/lib/rucke/Doc?id=10365024 _zAn electronic book accessible through the World Wide Web; click to view |
| 999 |
_c218856 _d218856 |
||